00000000nas##2200000za#4500
0019.510188
003CaOODSP
00520210305155323
007ta
008150406c1994||||xxc|| p #||||f|   |0eng|d
022 |a1200-0531
040 |aCaOODSP|beng
041 |aeng
041 |afre
043 |an-cn---
0861 |aXC35-351/1
1101 |aCanada.|bHouse of Commons. |bStanding Committee on Aboriginal Affairs and Northern Development.
24510|aStanding Committee on Aboriginal Affairs and Northern Development, minutes of proceedings and evidence / |cChairman: Mr. Gordon Kirkby.
260 |bHouse of Commons.
310 |aIrregular
3621 |a1st session, 35th parliament, 42-44 Elizabeth II, 1994-95
546 |aBilingual
792 |tComité permanent des affaires autochtones et du développement du grand nord, procès-verbaux et témoignages / |efre|w(CaOODSP)9.510189